logo

Bir Sreshtho Munshi Abdur Rouf Library
Jhenaidah Cadet College

তিমুর ও তার দলবল / (Record no. 5430)

MARC details
000 -LEADER
fixed length control field 00643nam a2200217 a 4500
001 - CONTROL NUMBER
JCCL Control Number 5430
003 - CONTROL NUMBER IDENTIFIER
JCCL marc code BD-JhCC
005 - DATE AND TIME OF LATEST TRANSACTION
control field 20171214113228.0
008 - FIXED-LENGTH DATA ELEMENTS--GENERAL INFORMATION
fixed length control field 171214s1982 ru ||||| |||| 00| 0 ben d
035 ## - SYSTEM CONTROL NUMBER
system control number (BD-JhCC)5430
040 ## - CATALOGING SOURCE
Original cataloging agency BD-JhCC
Modifying agency BD-JhCC
041 ## - LANGUAGE CODE
Language code of Book ben
082 ## - DEWEY DECIMAL CLASSIFICATION NUMBER
Classification number 891.443
Author mark and Year GAI 1982
100 ## - MAIN ENTRY--PERSONAL NAME
Personal name গাইদার, আর্কাদি
245 ## - TITLE STATEMENT
Title তিমুর ও তার দলবল /
Statement of responsibility, etc আর্কাদি গাইদার
260 ## - PUBLICATION, DISTRIBUTION, ETC. (IMPRINT)
Place of publication, distribution, etc মস্কো :
Name of publisher, distributor, etc প্রগতি প্রকাশন,
Date of publication, distribution, etc 1982.
300 ## - PHYSICAL DESCRIPTION
Pagination 78 p. :
Dimensions 22 cm
650 ## - SUBJECT ADDED ENTRY--TOPICAL TERM
Topical term or geographic name as entry element Bengali Novel
942 ## - ADDED ENTRY ELEMENTS (KOHA)
Source of classification or shelving scheme Dewey Decimal Classification
Koha item type Books
Holdings
Source of classification or shelving scheme Damaged status Not for loan Home library Current library Shelving location Date of accession Total Checkouts Full call number Barcode Date last seen Copy number Koha item type
Dewey Decimal Classification     JCC Rouf Library JCC Rouf Library General Stacks 12/14/2017   891.443 GAI 1982 3941 12/14/2017 C - 1 Books

JCC Library | Contacts | JCC Home

Last Update on 23 September 2017
Copyright @ 2017-2020 JCC Rouf Library
Rouf Library, Jhenidah Cadet College (JCC), Bangladesh